000
00303nam a22001217a 4500
008
170614b xxu||||| |||| 00| 0 eng d
041
_a
eng
080
_a
32
100
_a
19
101
_a
SHP
245
_a
ECUADOR: CONFLICTING POLITICAL CULTURE AND THE QUEST FOR PROGRESS
_c
MARTZ,J.D
942
_2
udc
_c
BK
999
_c
17392
_d
17392